Countries of the World: using a JetPunk Type-In - Statistics

General Stats
  • This quiz has been taken 71 times
    67 since last reset
  • The average score is 14 of 101
Answer Stats
Standard Type-in Country % Correct
United States - r:^(THE)?(UNITEDSTATES|USA) United States
81%
United Kingdom - r:^(THE)?(UNITEDKINGDOM|UK) United Kingdom
75%
Democratic Republic of the Congo - c:CONGO Democratic Republic of the Congo
59%
United Arab Emirates - r:^(THE)?UNITEDARABEM[AEI]RATES United Arab Emirates
54%
Republic of the Congo - c:CONGO Republic of the Congo
49%
Antigua and Barbuda - ANTIGUA Antigua and Barbuda
39%
Saint Vincent and the Grenadines - r:^(SAINT|ST)VINCENT Saint Vincent and the Grenadines
39%
Federated States of Micronesia - c:MICRONESIA Federated States of Micronesia
37%
Papua New Guinea - r:^(PAP[AU]+)?NEWG(UI|IU)NEA Papua New Guinea
36%
Saint Kitts and Nevis - r:^(SAINT|ST)KITTS Saint Kitts and Nevis
36%
Central African Republic - r:^(THE)?CENTRALAFRICANREPUBLIC Central African Republic
34%
Saint Lucia - r:^(SAINT|ST)LUCIA Saint Lucia
32%
Vatican City - r:^(THE)?(VATICAN|HOLYSEE) Vatican City
31%
Afghanistan - r:^AFGH?AN[AEI]STAN Afghanistan
27%
Andorra - ANDORRA Andorra
27%
São Tomé and Príncipe - SAOTOME São Tomé and Príncipe
27%
Trinidad and Tobago - r:^TRIN[AEI]DAD Trinidad and Tobago
27%
Côte d'Ivoire - r:^COTEDE?IV[IO]+RE Côte d'Ivoire
24%
Bosnia and Herzegovina - BOSNIA Bosnia and Herzegovina
22%
Kyrgyzstan - r:^K[IY]RG[A-Z]+STAN Kyrgyzstan
22%
Azerbaijan - r:^AD?[JZ]ERB[AIE]+D?[JZ]AN Azerbaijan
20%
Kazakhstan - r:^KH?AZ[A-Z]+STAN Kazakhstan
19%
Netherlands - r:^(THE)?NETHERLANDS Netherlands
19%
Burma - BURMA Burma
17%
Uruguay - r:^UR[AU]G[AU]+Y Uruguay
17%
China - CHINA China
15%
East Timor - EASTTIMOR East Timor
15%
Paraguay - r:^PAR[AEI]G[AU]+Y Paraguay
15%
Bahamas - r:^(THE)?BAHAMAS Bahamas
14%
Bhutan - r:^BH?UH?TAN Bhutan
14%
Brazil - r:^BRA[SZ]IL Brazil
14%
Cape Verde - CAPEVERDE Cape Verde
14%
Macedonia - r:^MAC[AEI]DONIA Macedonia
14%
Bahrain - r:^BH?AH?RAIN Bahrain
12%
Colombia - COLOMBIA Colombia
12%
Djibouti - r:^DJ[AEI]B(OU|UO|U)TI Djibouti
12%
Philippines - r:^(THE)?PHIL+[AEI]P+INES Philippines
12%
Tajikistan - r:^TAJ[A-Z]+STAN Tajikistan
12%
Gambia - r:^(THE)?GAMBIA Gambia
10%
Guinea-Bissau - r:^G(UI|IU)NEAB[AEI]S+AU Guinea-Bissau
10%
Liechtenstein - r:^L[EI]+[CHT]+ENST(EI|IE)N Liechtenstein
10%
Luxembourg - r:^LUXEMB[EOU]+RG Luxembourg
10%
Algeria - r:^ALGER[IE]A Algeria
8%
Australia - r:^AUSTRAI?L[EI]A Australia
8%
Belgium - r:^BELG(IU|UI)M Belgium
8%
Ghana - r:^GH?AH?NA Ghana
8%
Israel - r:^ISR(AE|EA)L Israel
8%
Jordan - JORDAN Jordan
8%
Pakistan - r:^PAK[AEI]STAN Pakistan
8%
Rwanda - r:^R[WU]ANDA Rwanda
8%
Turkmenistan - r:^TURKMEN[AEI]STAN Turkmenistan
8%
Uzbekistan - r:^UZBE[CK]+[AEI]STAN Uzbekistan
8%
Belarus - r:^BEL[AEI]RUS Belarus
7%
Cameroon - r:^CAM[AEIO]ROON Cameroon
7%
Dominica - r:^DOMIN[AEI]CA Dominica
7%
Dominican Republic - r:^(THE)?DOMIN[AEI]CANREPUBLIC Dominican Republic
7%
Equatorial Guinea - r:^EQU[AEI]TOR(IA|EA)LG(UI|IU)NEA Equatorial Guinea
7%
Grenada - r:^GR[AEI]NADA Grenada
7%
Guatemala - r:^G(AU|UA)T[AEI]MALA Guatemala
7%
Guinea - r:^G(UI|IU)NEA Guinea
7%
Honduras - r:^(THE)?HONDUR[AEIOU]+S Honduras
7%
Hungary - r:^HUNG[AE]RY Hungary
7%
Jamaica - r:^JAM(AI|IA)CA Jamaica
7%
Marshall Islands - r:^(THE)?MARSHALLISLANDS Marshall Islands
7%
Mauritania - r:^M[AOU]+R[AEIO]TANIA Mauritania
7%
Monaco - r:^M[AO]N[AEIO]CO Monaco
7%
Nauru - r:^N(AU|UA)RU Nauru
7%
New Zealand - r:^NEWZE[AE]LAND New Zealand
7%
Solomon Islands - r:^(THE)?SOL[AEIO]M[AEO]NISLANDS Solomon Islands
7%
Tuvalu - r:^TUV[AU]LU Tuvalu
7%
Ukraine - UKRAINE Ukraine
7%
Vanuatu - r:^VAN[UA]+TU Vanuatu
7%
Argentina - r:^ARG[AEI]NTINA Argentina
5%
Bangladesh - r:^BANGL[AEI]DESH Bangladesh
5%
Comoros - r:^(THE)?COM+[AEIO]ROS Comoros
5%
Eritrea - r:^ER+[AEI]TR[EI]A Eritrea
5%
Morocco - r:^MOR+OC+O Morocco
5%
Samoa - r:^S[AO]MOA Samoa
5%
Seychelles - r:^SEYCHEL+ES Seychelles
5%
Venezuela - r:^VEN[AEI]Z(EU|UE)LA Venezuela
5%
Brunei - r:^BRUN[AE]I Brunei
3%
Burundi - r:^B[AEIU]RUNDI Burundi
3%
Czech Republic - r:^(THE)?CZECHREPUBLIC Czech Republic
3%
Ecuador - r:^EC(UA|AU)DOR Ecuador
3%
El Salvador - r:^ELSALV[AEI]DOR El Salvador
3%
Guyana - r:^G[AU]YANA Guyana
3%
Kiribati - r:^KIR[AEI]BATI Kiribati
3%
Lebanon - r:^LEB[AEI]NON Lebanon
3%
Lesotho - r:^L[AEO]SOTHO Lesotho
3%
Maldives - r:^(THE)?MALDIVES Maldives
3%
Mauritius - r:^M[AOU]+RIT[IOU]+S Mauritius
3%
Nicaragua - r:^NIC[AEI]RAGUA Nicaragua
3%
Sierra Leone - r:^SIER+ALEONE Sierra Leone
3%
South Sudan - r:^SOUTH(ERN)?SUDAN South Sudan
3%
Suriname - r:^SUR[AEI]NAME Suriname
3%
Taiwan - r:^T(AI|IA)WAN Taiwan
3%
Tunisia - r:^TUN[EI]SIA Tunisia
3%
Montenegro - r:^MONT[AEI]NEGRO Montenegro
2%
Senegal - r:^SEN[AEI]GAL Senegal
2%
Singapore - r:^SING[AEIO]PORE Singapore
2%
Somalia - r:^SOM[AO]LIA Somalia
2%
No matching quizzes found
Score Distribution
Percent of People with Each Score
Percentile by Number Answered
Your Score History
You have not taken this quiz since the last reset